00617 2200241 4500001002100000005001700021008004100038020002200079035002400101082001000125090001700135100001700152245005100169250001000220260004100230300003200271650001200303850000900315985000600324999001500330999001500345999001500360YOGYA-0209000007417720090227093800.0 ind  a978-979-27-1519-4 0010-020900000074177 a153.1 a153.1bOli M aOLIVIA, Femi aMembantu anak punya ingatan supercFemi Olivia aCet.2 aJakartabElek Media Komputindoc2008 axviii, 202 hlmbilusc21 cm aIngatan aBPAD a3 a08B0045445 a08B0045446 a08B0045447